[Event "Landesliga Nord 0607"]
[Site "Bayern"]
[Date "2006.10.29"]
[Round "2.5"]
[White "Schweizer, Wolfgang D"]
[Black "Kalender, Benjamin"]
[Result "0-1"]
[WhiteElo "1969"]
[BlackElo "2050"]
[PlyCount "104"]
[EventDate "2006.10.15"]
[EventType "team-tourn"]
[EventRounds "9"]
[EventCountry "GER"]
[SourceTitle "EXT 2008"]
[Source "ChessBase"]
[SourceDate "2007.11.25"]
[SourceVersion "1"]
[SourceVersionDate "2007.11.25"]
[SourceQuality "1"]
[WhiteTeam "Kulmbach"]
[BlackTeam "Forchheim II"]
[WhiteTeamCountry "GER"]
[BlackTeamCountry "GER"]

1. e4 c5 2. c3 d5 3. exd5 Qxd5 4. Qf3 Nf6 5. Bb5+ Nbd7 6. Qxd5 Nxd5 7. Nf3 a6 8. Ba4 b5 9. Bc2 Bb7 10. d3 0-0-0 11. 0-0 h6 12. Re1 e6 13. Nbd2 g5 14. d4 g4 15. Ne5 Nxe5 16. dxe5 Nf4 17. Ne4 Nd3 18. Bxd3 Rxd3 19. Bf4 c4 20. Nd6+ Bxd6 21. exd6 Kd7 22. Be5 Rc8 23. Rad1 Rc5 24. Bg7 h5 25. Rxd3 cxd3 26. Rd1 Be4 27. Bh6 Rd5 28. Bf4 e5 29. Bd2 Kxd6 30. Re1 Bg6 31. f3 a5 32. a3 Rc5 33. Kf2 Kd5 34. b4 axb4 35. axb4 Rc6 36. Ra1 Rf6 37. Ke3 gxf3 38. gxf3 h4 39. Rf1 Kc4 40. f4 Kb3 41. Rb1+ Kc2 42. Rc1+ Kb2 43. Rf1 exf4+ 44. Rxf4 Re6+ 45. Kf3 Bh5+ 46. Kg2 Re2+ 47. Rf2 Kc2 48. Bg5 d2 49. Bxd2 Kxd2 50. c4 bxc4 51. b5 Bg4 52. Rxe2+ Kxe2 0-1

[Event "Mittelfrankenliga-B2a 0506"]
[Site "Germany"]
[Date "2006.03.19"]
[Round "7.1"]
[White "Regnat, Markus"]
[Black "Kalender, Benjamin"]
[Result "1-0"]
[WhiteElo "2061"]
[BlackElo "2049"]
[PlyCount "105"]
[EventDate "2005.10.16"]
[EventType "team-tourn"]
[EventRounds "9"]
[EventCountry "GER"]
[SourceTitle "EXT 2007"]
[Source "ChessBase"]
[SourceDate "2006.11.23"]
[SourceVersion "1"]
[SourceVersionDate "2006.11.23"]
[SourceQuality "1"]

1. e4 c5 2. Nc3 Nc6 3. Bb5 Nd4 4. f4 a6 5. Be2 g6 6. Nf3 Bg7 7. 0-0 b5 8. d3 Bb7 9. Nb1 e6 10. c3 Nxe2+ 11. Qxe2 Ne7 12. Nbd2 0-0 13. e5 d6 14. Ne4 dxe5 15. fxe5 Bxe4 16. Qxe4 Qd5 17. Qe2 Nc6 18. Bf4 Rad8 19. Rad1 Qxa2 20. Bg5 Rd7 21. Bf6 h6 22. Nd2 Qxb2 23. Qf3 Rc8 24. Bxg7 Kxg7 25. Qf6+ Kh7 26. Ne4 Qe2 27. Kh1 Rf8 28. Nxc5 Rdd8 29. Rfe1 Qg4 30. Ne4 Qf5 31. Qh4 g5 32. Qh5 Nxe5 33. Ng3 Qf6 34. Ne4 Qg6 35. Qh3 g4 36. Qh4 f6 37. Rf1 Nxd3 38. Rd2 Qxe4 39. h3 gxh3 40. Qxe4+ f5 41. Qxe6 hxg2+ 42. Kxg2 Nf4+ 43. Rxf4 Rxd2+ 44. Rf2 Rxf2+ 45. Kxf2 f4 46. Qxa6 Rf5 47. Kf3 Kg7 48. Qe6 Rg5 49. Kxf4 Kh7 50. Qf6 Rg7 51. Qf5+ Kg8 52. Qxb5 Rg5 53. Qxg5+ 1-0

[Event "Landesliga Nord 9900"]
[Site "Bayern"]
[Date "2000.02.20"]
[Round "6.5"]
[White "Finster, Michael"]
[Black "Kalender, Benjamin"]
[Result "1-0"]
[WhiteElo "2125"]
[BlackElo "2105"]
[PlyCount "69"]
[EventDate "1999.10.10"]
[EventType "team-tourn"]
[EventRounds "9"]
[EventCountry "GER"]
[SourceTitle "EXT 2020"]
[Source "ChessBase"]
[SourceDate "2019.10.17"]
[SourceVersion "1"]
[SourceVersionDate "2019.10.17"]
[SourceQuality "1"]
[WhiteTeam "Nuernberg Sued SW"]
[BlackTeam "Forchheim II"]
[WhiteTeamCountry "GER"]
[BlackTeamCountry "GER"]

1. d4 f5 2. c4 Nf6 3. Nc3 d6 4. Nf3 g6 5. b4 Bg7 6. Bb2 0-0 7. Qb3 c5 8. dxc5 dxc5 9. Rd1 Qb6 10. a3 Bd7 11. Ne5 e6 12. e3 Rd8 13. Be2 cxb4 14. c5 Qxc5 15. axb4 Qe7 16. b5 Ne4 17. Nxe4 fxe4 18. 0-0 a6 19. Ba3 Qf6 20. Ng4 Qf7 21. f3 axb5 22. fxe4 Qe8 23. Nf6+ Bxf6 24. Rxf6 Rxa3 25. Qxa3 Nc6 26. Bxb5 Rc8 27. Qd6 Rd8 28. Bxc6 bxc6 29. e5 Kg7 30. h3 h6 31. Kh1 g5 32. Qc7 Kg8 33. Rf2 Qh5 34. Qxd8+ Kg7 35. Rxd7+ 1-0

[Event "Landesliga Nord 9900"]
[Site "Bayern"]
[Date "2000.01.09"]
[Round "4.5"]
[White "Schwalbe, Gerhard"]
[Black "Kalender, Benjamin"]
[Result "0-1"]
[WhiteElo "2055"]
[BlackElo "2105"]
[PlyCount "54"]
[EventDate "1999.10.10"]
[EventType "team-tourn"]
[EventRounds "9"]
[EventCountry "GER"]
[SourceTitle "EXT 2020"]
[Source "ChessBase"]
[SourceDate "2019.10.17"]
[SourceVersion "1"]
[SourceVersionDate "2019.10.17"]
[SourceQuality "1"]
[WhiteTeam "Bamberg SC II"]
[BlackTeam "Forchheim II"]
[WhiteTeamCountry "GER"]
[BlackTeamCountry "GER"]

1. d4 f5 2. g3 g6 3. Bg2 Nf6 4. c4 Bg7 5. Nc3 Nc6 6. e3 0-0 7. Nge2 d6 8. d5 Ne5 9. b3 Ned7 10. Rb1 a5 11. Bb2 Nc5 12. Qc2 e5 13. dxe6 Bxe6 14. Nf4 Bf7 15. Ncd5 Nxd5 16. Nxd5 Bxb2 17. Rxb2 c6 18. Nc3 Qf6 19. 0-0 g5 20. f4 Rae8 21. Qd2 Re6 22. Rbb1 Rfe8 23. Rbe1 Qe7 24. Kf2 gxf4 25. exf4 Rxe1 26. Rxe1 Qxe1+ 27. Qxe1 Nd3+ 0-1

[Event "Landesliga Nord 9900"]
[Site "Bayern"]
[Date "1999.12.12"]
[Round "3.5"]
[White "Kalender, Benjamin"]
[Black "Pohl Kuemmel, Jens Uwe"]
[Result "0-1"]
[WhiteElo "2105"]
[BlackElo "2220"]
[PlyCount "74"]
[EventDate "1999.10.10"]
[EventType "team-tourn"]
[EventRounds "9"]
[EventCountry "GER"]
[SourceTitle "EXT 2020"]
[Source "ChessBase"]
[SourceDate "2019.10.17"]
[SourceVersion "1"]
[SourceVersionDate "2019.10.17"]
[SourceQuality "1"]
[WhiteTeam "Forchheim II"]
[BlackTeam "Regensburg Fortuna"]
[WhiteTeamCountry "GER"]
[BlackTeamCountry "GER"]

1. d4 Nf6 2. c4 g6 3. Nc3 Bg7 4. e4 d6 5. Be2 0-0 6. Nf3 Na6 7. 0-0 e5 8. d5 Nc5 9. Qc2 a5 10. b3 Nfd7 11. Nd2 f5 12. f3 Bh6 13. Rb1 Be3+ 14. Kh1 Nf6 15. Rd1 f4 16. Nf1 Bxc1 17. Rdxc1 g5 18. g4 fxg3 19. Nxg3 Kh8 20. a3 a4 21. b4 Nb3 22. Rg1 Nd4 23. Qd3 Bd7 24. b5 Nxe2 25. Ncxe2 b6 26. Nc3 g4 27. Rbf1 gxf3 28. Rxf3 Bg4 29. Rf2 Nd7 30. Rgf1 Rxf2 31. Rxf2 Qg5 32. Nce2 Nc5 33. Qd1 h5 34. Qf1 h4 35. Rf8+ Rxf8 36. Qxf8+ Kh7 37. Nf5 Bf3# 0-1

[Event "Landesliga Nord 9900"]
[Site "Bayern"]
[Date "1999.10.10"]
[Round "1.6"]
[White "Werner, Claus"]
[Black "Kalender, Benjamin"]
[Result "1-0"]
[WhiteElo "2090"]
[BlackElo "2125"]
[PlyCount "84"]
[EventDate "1999.10.10"]
[EventType "team-tourn"]
[EventRounds "9"]
[EventCountry "GER"]
[SourceTitle "EXT 2020"]
[Source "ChessBase"]
[SourceDate "2019.10.17"]
[SourceVersion "1"]
[SourceVersionDate "2019.10.17"]
[SourceQuality "1"]
[WhiteTeam "Neutraubling"]
[BlackTeam "Forchheim II"]
[WhiteTeamCountry "GER"]
[BlackTeamCountry "GER"]

1. e4 c5 2. Nc3 d6 3. g3 Nc6 4. Bg2 g6 5. d3 Bg7 6. f4 e6 7. Nf3 Nge7 8. 0-0 0-0 9. Be3 Nd4 10. e5 Nef5 11. Bf2 d5 12. g4 Nxf3+ 13. Qxf3 Nd4 14. Qd1 Bd7 15. Qd2 f6 16. exf6 Qxf6 17. Bg3 Rae8 18. Rae1 b5 19. Nd1 b4 20. f5 gxf5 21. g5 Qf7 22. Bd6 Rc8 23. Bxf8 Bxf8 24. c3 Nc6 25. Nf2 Bd6 26. Ng4 Kh8 27. Nf6 Be5 28. Rxe5 Nxe5 29. Qf4 Nxd3 30. Qd6 Bb5 31. Rf3 bxc3 32. bxc3 Rg8 33. Nxg8 Kxg8 34. Qb8+ Kg7 35. Qxb5 c4 36. Bf1 Ne5 37. Rf2 Qh5 38. Qc5 Qg4+ 39. Kh1 Qe4+ 40. Bg2 Qe1+ 41. Rf1 Qxc3 42. Qe7+ Kg8 1-0

[Event "Regionalliga NO 9899"]
[Site "Bayern"]
[Date "1999.??.??"]
[Round "4.5"]
[White "Schwarm, Werner"]
[Black "Kalender, Benjamin"]
[Result "1-0"]
[WhiteElo "1925"]
[BlackElo "2040"]
[PlyCount "78"]
[EventDate "1998.??.??"]
[EventType "team-tourn"]
[EventRounds "9"]
[EventCountry "GER"]
[SourceTitle "EXT 2020"]
[Source "ChessBase"]
[SourceDate "2019.10.17"]
[SourceVersion "1"]
[SourceVersionDate "2019.10.17"]
[SourceQuality "1"]
[WhiteTeam "Altensittenbach"]
[BlackTeam "Forchheim II"]
[WhiteTeamCountry "GER"]
[BlackTeamCountry "GER"]

1. e4 c5 2. Nf3 d6 3. d3 Nc6 4. c3 g6 5. Be3 Bg7 6. d4 cxd4 7. Nxd4 Bd7 8. Bb5 Nf6 9. Nxc6 bxc6 10. Bd3 Ng4 11. Bc1 Qb6 12. 0-0 0-0 13. Nd2 Be6 14. Nf3 a5 15. a4 Rab8 16. h3 Ne5 17. Nxe5 Bxe5 18. Qe2 Bg7 19. Kh1 Rb7 20. f4 f5 21. Bc4 Bxc4 22. Qxc4+ Kh8 23. Rf3 e5 24. Rb1 fxe4 25. Qxe4 d5 26. Qe3 Qxe3 27. Bxe3 e4 28. Rg3 Rfb8 29. b4 Bxc3 30. Bc5 axb4 31. a5 Rb5 32. Bd6 Re8 33. a6 Ra5 34. Bxb4 Bxb4 35. Rxb4 Rxa6 36. Re3 c5 37. Rb5 d4 38. Re1 Rc6 39. Ra1 d3 1-0

[Event "Regionalliga NO 9899"]
[Site "Bayern"]
[Date "1998.??.??"]
[Round "1.4"]
[White "Fischer, Gerd"]
[Black "Kalender, Benjamin"]
[Result "0-1"]
[WhiteElo "2074"]
[BlackElo "2040"]
[PlyCount "68"]
[EventDate "1998.??.??"]
[EventType "team-tourn"]
[EventRounds "9"]
[EventCountry "GER"]
[SourceTitle "EXT 2020"]
[Source "ChessBase"]
[SourceDate "2019.10.17"]
[SourceVersion "1"]
[SourceVersionDate "2019.10.17"]
[SourceQuality "1"]
[WhiteTeam "Gunzenhausen"]
[BlackTeam "Forchheim II"]
[WhiteTeamCountry "GER"]
[BlackTeamCountry "GER"]

1. e4 c5 2. Nf3 d6 3. d4 cxd4 4. Nxd4 Nf6 5. Nc3 a6 6. Be2 e5 7. Nb3 Be7 8. Be3 Be6 9. Bf3 Nbd7 10. 0-0 0-0 11. g4 Nb6 12. Kh1 Nc4 13. Bc1 Rc8 14. Rg1 Qb6 15. Qe2 Rfd8 16. g5 Nd7 17. Bg4 Bxg4 18. Rxg4 Bf8 19. Rh4 g6 20. Qf3 Re8 21. Nd5 Qc6 22. Qh3 Ncb6 23. c4 Qxc4 24. Nxb6 Nxb6 25. Be3 Nd7 26. Qxd7 Qe2 27. Qh3 Qxb2 28. Rxh7 Bg7 29. Rg1 Rc3 30. Rg4 Rxe3 31. Rxg7+ Kf8 32. Qh7 Qxf2 33. Rg8+ Ke7 34. Rxe8+ Kxe8 0-1

[Event "Regionalliga NO 9899"]
[Site "Bayern"]
[Date "1998.??.??"]
[Round "3.4"]
[White "Schmid, Siegfried"]
[Black "Kalender, Benjamin"]
[Result "1-0"]
[WhiteElo "2150"]
[BlackElo "2040"]
[PlyCount "63"]
[EventDate "1998.??.??"]
[EventType "team-tourn"]
[EventRounds "9"]
[EventCountry "GER"]
[SourceTitle "EXT 2020"]
[Source "ChessBase"]
[SourceDate "2019.10.17"]
[SourceVersion "1"]
[SourceVersionDate "2019.10.17"]
[SourceQuality "1"]
[WhiteTeam "Postbauer"]
[BlackTeam "Forchheim II"]
[WhiteTeamCountry "GER"]
[BlackTeamCountry "GER"]

1. g3 d5 2. Bg2 Nf6 3. c4 c6 4. cxd5 cxd5 5. Nf3 Nc6 6. d4 Bg4 7. Nc3 e6 8. 0-0 Bd6 9. Bg5 h6 10. Bf4 Bxf4 11. gxf4 Qd6 12. Ne5 g5 13. Qd2 Rg8 14. Kh1 Rg7 15. Rac1 a6 16. e4 gxf4 17. Qxf4 Nh5 18. Qxh6 Nxe5 19. dxe5 Qf8 20. exd5 Qg8 21. Ne4 exd5 22. Nf6+ Nxf6 23. exf6 Rh7 24. Rfe1+ Be6 25. Qf4 Rd8 26. Rc7 Qg6 27. Bxd5 Rxd5 28. Rc8+ Rd8 29. Rxd8+ Kxd8 30. Qd6+ Bd7 31. Qb8+ Bc8 32. Rd1+ 1-0

[Event "Mittelfranken-chA"]
[Site "Postbauer"]
[Date "1998.??.??"]
[Round "6"]
[White "Zeltner, Ottmar"]
[Black "Kalender, Benjamin"]
[Result "0-1"]
[WhiteElo "2071"]
[BlackElo "2027"]
[PlyCount "110"]
[EventDate "1998.04.07"]
[EventType "swiss"]
[EventRounds "9"]
[EventCountry "GER"]
[SourceTitle "EXT 2011"]
[Source "ChessBase"]
[SourceDate "2010.11.26"]
[SourceVersion "1"]
[SourceVersionDate "2010.11.26"]
[SourceQuality "1"]

1. e4 c5 2. Nf3 d6 3. d4 cxd4 4. Nxd4 Nf6 5. Nc3 a6 6. f3 e5 7. Nb3 Be6 8. Be3 Be7 9. Qd2 d5 10. exd5 Nxd5 11. Nxd5 Qxd5 12. Qxd5 Bxd5 13. 0-0-0 Bxb3 14. axb3 h6 15. Bc4 Bg5 16. Rhe1 Nc6 17. Bd5 Bxe3+ 18. Rxe3 f6 19. f4 Ke7 20. Bxc6 bxc6 21. fxe5 f5 22. Rd6 Rac8 23. Rc3 Rhd8 24. Rcxc6 Rxc6 25. Rxc6 Rd4 26. Rxa6 Rh4 27. h3 g5 28. Rf6 Rf4 29. Kd1 Rf1+ 30. Ke2 Rg1 31. Kf2 Rc1 32. Rc6 Kd7 33. Rd6+ Ke7 34. Rd2 Ke6 35. Re2 Rd1 36. c3 h5 37. b4 h4 38. b5 Ra1 39. Rc2 Kxe5 40. c4 g4 41. hxg4 fxg4 42. b6 Kd6 43. c5+ Kc6 44. Ke3 g3 45. Rc4 h3 46. gxh3 g2 47. Rg4 g1Q+ 48. Rxg1 Rxg1 49. Kf4 Kxc5 50. h4 Kd6 51. Kf5 Rf1+ 52. Kg6 Ke6 53. Kg7 Rg1+ 54. Kf8 Rh1 55. b7 Rxh4 0-1